000 00408nam a2200145Ia 4500
008 231129s2006||||xx |||||||||||||| ||spa||
020 _a958-04-9113-5
040 _bspa
082 _a(i) 863 S572c
100 _aSierra i Fabra Jordi
245 0 _aCuentos para niños que creen en marcianos
260 _c2006
264 _aBogotá Colombia : Norma
942 _2ddc
_cBKS
999 _c8524
_d8524